| 000 | 00660 a2200205 4500 | ||
|---|---|---|---|
| 010 | _aENG-85405 | ||
| 020 | _c250.00 | ||
| 035 | _aEN-68938 | ||
| 037 | _bD.B.Act / Pub | ||
| 082 | 1 | 4 | _a649.151 |
| 090 |
_c2221 _d2221 |
||
| 100 | 1 | _aTangri, Poonam | |
| 245 | 1 |
_aOur Children our responsibility _cby Poonam Tangri |
|
| 260 |
_aChandigarh _bModern Agencies _c2006 |
||
| 270 |
_aSCF-18, Sector-23-C, _bChandigarh _cChandigarh _e160023 _k2707909 |
||
| 300 |
_a107 p _c22 cm (Hb) |
||
| 500 | _aIncludes bibliographical references | ||
| 942 |
_adpl _cEN _k649.151 / TAN |
||
| 999 |
_c2181 _d2181 |
||